Estatísticas para Artistas/Bandas do Rock In Rio I (85 - Brasil)

Clique aqui para jogar o quiz

Estatísticas Gerais

  • Esse quiz foi jogado 24 vezes
  • A pontuação média é 13 de 54

Estatísticas das Respostas

NacionalidadeBandas/Artistas% Correto
Queen
95%
Queen
95%
AC/DC
77%
AC/DC
77%
Iron Maiden
64%
Scorpions
45%
Scorpions
45%
Os Paralamas do Sucesso
41%
Os Paralamas do Sucesso
41%
Ozzy Osbourne
41%
Ozzy Osbourne
41%
Barão Vermelho
27%
Baby do Brasil e Pepeu Gomes
23%
Baby do Brasil e Pepeu Gomes
23%
Blitz
23%
Blitz
23%
Erasmo Carlos
23%
Gilberto Gil
23%
Gilberto Gil
23%
Kid Abelha
23%
Kid Abelha
23%
Lulu Santos
23%
Lulu Santos
23%
Whitesnake
23%
Whitesnake
23%
Yes
23%
Yes
23%
Alceu Valença
18%
Erasmo Carlos
18%
James Taylor
18%
James Taylor
18%
Nina Hagen
18%
Nina Hagen
18%
Rita Lee
18%
Eduardo Dussek
14%
Eduardo Dussek
14%
Elba Ramalho
14%
Elba Ramalho
14%
Rod Stewart
14%
Rod Stewart
14%
Moraes Moreira
9%
Moraes Moreira
9%
Ney Matogrosso
9%
The B-52s
9%
The B-52s
9%
Al Jarreau
5%
Al Jarreau
5%
George Benson
5%
George Benson
5%
Ivan Lins
5%
The Go-Go's
5%
Alceu Valença
0%
Barão Vermelho
0%
The Go-Go's
0%

Distribuição das Pontuações

Percentil de Números Respondidos

Porcentagem de Pessoas com Cada Pontuação

Sua Pontuação Histórica

Você não jogou esse quiz